Dzielnice Trójmiasta (z mapą) - Statystyki

Ogólne statystyki
  • Ten quiz został rozwiązany 3 424 razy
  • Średni wynik to 27 z 73
Odpowiedzi na mapie
Odpowiedzi zakodowano w zielono-czerwonej skali na mapie do tego quizu, zgodnie z poniższymi procentami.
 
Statystyki odpowiedzi
Odpowiedź % Poprawnych
Śródmieście
80%
Śródmieście
80%
Oliwa
78%
Orłowo
66%
Żabianka-Wejchera-Jelitkowo-Tysiąclecia
62%
Chylonia
60%
Orunia-Św. Wojciech-Lipce
58%
Redłowo
54%
Nowy Port
53%
Brzeźno
51%
Osowa
49%
Wyspa Sobieszewska
49%
Wzgórze Świętego Maksymiliana
48%
Stogi
47%
Oksywie
46%
Wrzeszcz Dolny
46%
Wrzeszcz Górny
46%
Kamienny Potok
45%
Cisowa
44%
Wielki Kack
44%
Mały Kack
43%
Chełm
42%
Matarnia
42%
Aniołki
41%
Centrum
40%
Grabówek
40%
Chwarzno-Wiczlino
39%
Jasień
38%
Karwiny
38%
Ujeścisko-Łostowice
38%
Babie Doły
37%
Obłuże
37%
Przymorze Małe
37%
Przymorze Wielkie
37%
Dąbrowa
36%
Piecki-Migowo
36%
Siedlce
36%
Brętowo
35%
Kokoszki
35%
Letnica
35%
Przeróbka
35%
Strzyża
35%
Kamienna Góra
34%
Leszczynki
34%
Orunia Górna-Gdańsk Południe
34%
Pogórze
34%
Pustki Cisowskie-Demptowo
33%
Zaspa-Rozstaje
33%
Działki Leśne
32%
Krakowiec-Górki Zachodnie
32%
Suchanino
32%
Olszynka
30%
Zaspa-Młyniec
30%
VII Dwór
29%
Wzgórze Mickiewicza
29%
Rudniki
28%
Witomino-Leśniczówka
27%
Młyniska
26%
Witomino-Radiostacja
25%
Brodwino
24%
Karlikowo
22%
Górny Sopot
20%
Przylesie
17%
Świemirowo
15%
Dolny Sopot-Haffnera
13%
Osiedle Mickiewicza
13%
Sopocki Las
13%
Dolny Sopot-Grunwaldzka
11%
Lisie Wzgórze
11%
Zajęcze Wzgórze
11%
Centrum Południe
10%
Gręzowo
9%
Stawowie
9%
Nie znaleziono quizów pasujących do podanych kryteriów
Rozkład punktacji
Procent ludzi z każdym wynikiem
Percentyl według liczby udzielonych odpowiedzi
Twoja historia wyników
Nie rozwiązałeś tego quizu